000 00578nam a22002057a 4500
003 DO-SdBNP
005 20210914155515.0
007 ta
008 210914b 2018 dr 00| 0 eng d
020 _a9789945912807
040 _aDO-SdBNP
_bspa
_cBNPHU
082 4 _2BNPHU
_aG216c
100 1 _aGarcía, L. A.
_979881
245 1 _aCuando tu media naranja se convierte en un salvaje limón /
_cL. A. García
260 _aSanto Domingo :
_bPublicaciones Libertad,
_c2018.
300 _a139 p. ;
_c22 cm.
590 _aInventariado, 2021/BT
910 _aBtavárez
942 _2ddc
_cLBS1
999 _c50506
_d50506